Normal view
MARC view
- Dr. M. Fahim Khokhar
Entry Personal Name
001 - CONTROL NUMBER
- control field: 16318
003 - CONTROL NUMBER IDENTIFIER
- control field: NUST
005 - DATE AND TIME OF LATEST TRANSACTION
- control field: 20190702064806.0
008 - FIXED-LENGTH DATA ELEMENTS
- fixed length control field: 190702|| aca||aabn | a|a d
040 ## - CATALOGING SOURCE
- Original cataloging agency: NUST
- Transcribing agency: NUST
100 ## - HEADING--PERSONAL NAME
- Personal name: Dr. M. Fahim Khokhar
670 ## - SOURCE DATA FOUND
- Source citation: Work cat.: (NUST): Jabeen, Zunaira 16317, Spatio - Temporal Evaluation of SO2 Column Densities Over Pakistan By Using OMI Satellite Observations (2005 - 2016) /, 2018.
